00504 2200205 4500001002100000008004100021035002000062082000800082084001400090100001300104245005700117250000600174260004500180300001200225650001300237990001200250990001200262990001200274990001200286INLIS000000000000679 ind  a0010-0424000655 a703 a703 KEV e aKeven A. aEnsiklopedia Penjas; Permainan Bola BasketcKeven A. a1 aYogyakarta :bPT. Citra Aji Paramac2007 a131 hlm aNonfiksi a0721770 a0721771 a0721772 a0721773